LEADER 01896nam 2200457 a 450 001 9910701011103321 005 20111121150542.0 035 $a(CKB)5470000002414930 035 $a(OCoLC)761731133 035 $a(EXLCZ)995470000002414930 100 $a20111121d1983 ua 0 101 0 $aeng 135 $aurbn||||||||| 181 $ctxt$2rdacontent 182 $cc$2rdamedia 183 $acr$2rdacarrier 200 00$aEstimating age of spotted and spinner dolphins (Stenella attenuata and Stenella longirostris) from teeth$b[electronic resource] /$fAlbert C. Myrick, Jr. ... [and others] 210 1$aLa Jolla, Calif. :$cU.S. Dept. of Commerce, National Oceanic and Atmospheric Administration, National Marine Fisheries Service, Southwest Fisheries Center,$d1983. 215 $a1 online resource (23 unnumbered pages) $cillustrations 225 1 $aNOAA technical memorandum NMFS SWFC ;$v30 300 $aTitle from title screen (viewed on Nov. 21, 2011). 300 $a"NOAA-TM-NMFS-SWFC-30." 320 $aIncludes bibliographical references. 517 $aEstimating age of spotted and spinner dolphins 606 $aDolphins$xAge determination 606 $aStenella attenuata$xAge determination 606 $aStenella longirostris$xAge determination 606 $aTeeth 615 0$aDolphins$xAge determination. 615 0$aStenella attenuata$xAge determination. 615 0$aStenella longirostris$xAge determination. 615 0$aTeeth. 701 $aMyrick$b A. C$g(Albert C.)$01412480 712 02$aSouthwest Fisheries Center (U.S.) 712 02$aUnited States.$bNational Oceanic and Atmospheric Administration. 801 0$bGPO 801 1$bGPO 906 $aBOOK 912 $a9910701011103321 996 $aEstimating age of spotted and spinner dolphins (Stenella attenuata and Stenella longirostris) from teeth$93516857 997 $aUNINA